| 000 | 00678nam a2200229 a 4500 | ||
|---|---|---|---|
| 001 | BRCA_5055 | ||
| 005 | 20190320204924.0 | ||
| 008 | 081110s1878----pl-b######---#000-0#ger-# | ||
| 041 | _ager | ||
| 044 | _apl | ||
| 050 | 4 |
_aF1215 _b.R37 1878 |
|
| 100 | 1 |
_aRatzel, Friedrich _912898 |
|
| 245 | 1 | 0 |
_aAus Mexico _bReiseskitzzen aus den Jahren 1874 und 1875 _cvon Friedrich Ratzel. |
| 260 |
_aBreslavia, Polonia _bJ. U. Kern´s _c1878 |
||
| 300 |
_axiii, 426 p. _bil., 1 mapa plegable _c22 cm. |
||
| 500 | _aIncluye índice analítico | ||
| 500 | _aD145 | ||
| 650 | 1 | 4 |
_aViajeros alemanes _97026 |
| 651 | 4 |
_aMéxico _xDescripción y viajes _9103 |
|
| 902 | _aGFM | ||
| 942 |
_2lcc _cB |
||
| 999 |
_c4749 _d4749 |
||